[Event "Olympiad Women 2024"]
[Site "Budapest HUN"]
[Date "2024.09.16"]
[Round "6.62"]
[Board "4"]
[White "Hasnaoui, Abrar"]
[Black "Simwaba, Anne"]
[Result "1-0"]
[WhiteElo "1595"]
[BlackElo "1596"]
[PlyCount "135"]
[EventDate "2024.09.11"]
[WhiteTeam "Tunisia"]
[BlackTeam "Malawi"]
[WhiteTeamCountry "TUN"]
[BlackTeamCountry "MWI"]

1. e4 d5 2. exd5 Qxd5 3. Nf3 Qd8 4. Nc3 e6 ({RR} 4... Nf6 5. h3 c6 6. d4 Bf5 7. Bc4 e6 8. Bf4 Nbd7 9. Qe2 Be7 10. O-O O-O 11. Rfe1 Nb6 12. Bb3 a5 13. a4 Nbd5 14. Nxd5 cxd5 15. c3 Qb6 16. Bc2 Bg6 17. Ne5 Bxc2 18. Qxc2 Rfc8 19. Qe2 {½-½ Manakova,M (2290)-Vukovic,Z (2475) Cetinje 1996}) 5. g3 ({RR} 5. d4 Nc6 6. Bb5 Bd7 7. O-O a6 8. Ba4 b5 9. Bb3 Nf6 10. d5 h6 11. dxc6 Bxc6 12. Qxd8+ Rxd8 13. Ne5 Bb7 14. Be3 Bd6 15. Nf3 Bxf3 16. gxf3 Nh7 17. Ne4 O-O 18. Nxd6 Rxd6 19. Bc5 Rdd8 {1-0 Ladino Hernandez,A (1360)-Reyes,R Ibague Blitz op 2022 (6)}) 5... Nf6 $146 ({RR} 5... b6 6. Bg2 Bb7 7. b3 Nf6 8. Bb2 Be7 9. Qe2 O-O 10. O-O c5 11. Rad1 Nbd7 12. Rfe1 Re8 13. d3 Nf8 14. Ne5 Nd5 15. Ne4 f6 16. Nc4 Rb8 17. f4 b5 18. Ne3 f5 19. Nd2 Bf6 20. Bxf6 {1-0 Tonel,G (1923)-Laco,G (2116) Trieste op 13th 2011 (2)}) ({RR} 5... Bd7 6. Bg2 Bc6 7. O-O Bd6 8. d3 h6 9. Qe2 Nf6 10. Ne4 Nxe4 11. dxe4 O-O 12. b3 a6 13. Bb2 f6 14. Rad1 e5 15. Nh4 Be8 16. c4 b6 17. Nf5 Bd7 18. Nxd6 cxd6 19. Rxd6 Qc7 20. Rfd1 {1-0 Frey Perez,H (2346)-Keesman,K Internet Section 10B g/8'+2" blitz 2004 (2)}) 6. Bg2 Be7 7. O-O O-O 8. d3 Nbd7 9. Bf4 c6 10. a3 Nb6 11. Ne4 Nbd5 12. Be5 b5 13. c4 bxc4 14. dxc4 Nxe4 15. cxd5 cxd5 16. Rc1 Ba6 17. Re1 Nc5 18. Re3 Rc8 19. Rec3 Ne4 20. Rxc8 Bxc8 21. Qd4 f6 22. Bc7 Qd7 23. Qxa7 Qb5 24. Qb6 Qxb6 25. Bxb6 Ba6 26. b4 e5 27. Bh3 Bb5 28. Be6+ Kh8 29. Bxd5 Nd6 30. Bc5 Rc8 31. Be6 Rc7 32. Be3 Rxc1+ 33. Bxc1 g5 34. Bb3 Bc6 35. Nd2 Nf5 36. Bc2 Nd4 37. Bd3 Kg7 38. Bb2 h5 39. Bxd4 exd4 40. Nb3 Bd7 41. Nxd4 Kf7 42. Bc4+ Kg6 43. Be6 Ba4 44. Bf5+ Kf7 45. Kf1 Bd6 46. Be6+ Kg6 47. Bb3 Bd7 48. Ke2 Be5 49. Kd3 f5 50. a4 Bd6 51. b5 Bc7 52. Be6 Bxe6 53. Nxe6 Bb6 54. f3 Kf6 55. Nd4 Ke5 56. Nc6+ Kd5 57. a5 Bg1 58. a6 Kd6 59. a7 Bxa7 60. Nxa7 Kc5 61. Nc6 Kxb5 62. Ne7 Kc5 63. Nxf5 Kd5 64. g4 Ke5 65. Ke3 h4 66. h3 Kd5 67. f4 gxf4+ 68. Kxf4 1-0

[Event "Olympiad Women 2024"]
[Site "Budapest HUN"]
[Date "2024.09.16"]
[Round "6.63"]
[Board "1"]
[White "Wilson, Hannah"]
[Black "Al Aisaee, Anat"]
[Result "1-0"]
[WhiteElo "1888"]
[BlackElo "1608"]
[PlyCount "69"]
[EventDate "2024.09.11"]
[WhiteTeam "Barbados"]
[BlackTeam "Oman"]
[WhiteTeamCountry "BAR"]
[BlackTeamCountry "OMN"]

1. d4 d5 2. c4 dxc4 3. e3 e5 4. Bxc4 exd4 5. exd4 Bd6 6. Nf3 Nf6 7. O-O O-O 8. Bg5 Bg4 9. Qb3 Nc6 10. Nbd2 Na5 11. Qd3 Nxc4 12. Nxc4 Re8 13. Rfe1 Be7 14. Nfe5 Be6 15. Rad1 $146 ({RR} 15. Ne3 c6 16. b3 h6 17. Bh4 Ng4 18. Bxe7 Nxe5 19. Qe4 Nf3+ 20. Qxf3 Rxe7 21. Qf4 Rd7 22. Red1 Qa5 23. Qe5 Qa6 24. d5 cxd5 25. Nxd5 Rad8 26. Ne7+ Kf8 27. Rxd7 Rxd7 28. Nf5 Bxf5 29. Qxf5 Qxa2 {½-½ Zatonskih,V (2395)-Ionescu,D (2335) Bucharest TICC 1997}) ({RR} 15. Ne3 c6 16. Rad1 Qa5 17. a3 Rad8 18. b4 Qb6 19. h3 Nd7 20. N5c4 Qb5 21. Bxe7 Rxe7 22. Ne5 Qxd3 23. Nxd3 Kf8 24. Nc5 Nxc5 25. dxc5 Red7 26. Rxd7 Rxd7 27. Rd1 Rxd1+ 28. Nxd1 Ke7 29. Kf1 Kf6 {½-½ Dolzhikova,K (2248)-Omelia,A Kiev Independence Cup-B 5th 2005 (7)}) 15... Nd5 16. Bxe7 Qxe7 17. Ne3 Nf4 18. Qe4 Qg5 19. Kh1 f6 20. Nf3 Qh6 21. Qxb7 Rab8 22. Qxc7 Rxb2 23. Nf5 Qg6 24. Qxf4 Rxf2 25. N5h4 Qf7 26. d5 Bxd5 27. Rxe8+ Qxe8 28. Qd4 Bxf3 29. Nxf3 Qe2 30. Qd5+ Kf8 31. Qa8+ Kf7 32. Qxa7+ Kg6 33. Re1 Qb2 34. a4 Rxg2 35. Nh4+ 1-0

[Event "Olympiad Women 2024"]
[Site "Budapest HUN"]
[Date "2024.09.16"]
[Round "6.63"]
[Board "2"]
[White "Al Balushi, Mariya"]
[Black "Blackman, Katrina"]
[Result "0-1"]
[WhiteElo "1561"]
[BlackElo "1814"]
[PlyCount "68"]
[EventDate "2024.09.11"]
[WhiteTeam "Oman"]
[BlackTeam "Barbados"]
[WhiteTeamCountry "OMN"]
[BlackTeamCountry "BAR"]

1. e4 e6 2. d4 d5 3. exd5 exd5 4. Nf3 Bd6 5. Nc3 c6 6. Bd3 Nf6 7. Bg5 Be6 ({RR} 7... Bg4 8. h3 Bxf3 9. Qxf3 Nbd7 10. O-O O-O 11. Bxf6 Nxf6 12. Ne2 Re8 13. Ng3 Bxg3 14. Qxg3 Ne4 15. Bxe4 Rxe4 16. Rae1 Rxd4 17. Re3 Re4 18. Rfe1 f5 19. Rxe4 dxe4 20. Qe5 Qd7 21. Re3 Qf7 22. Rg3 {0-1 Munshi,A-Subramanian,A (1637) Gilbert Cup Cardiff 2022 (4.3)}) 8. Ne5 Nbd7 9. Qe2 Qc7 10. f4 $146 ({RR} 10. Bxf6 Nxf6 11. O-O-O O-O 12. Rdg1 b5 13. g4 b4 14. Na4 c5 15. g5 cxd4 16. gxf6 g6 17. f4 Rfe8 18. Qh5 Bxe5 19. fxe5 Kh8 20. Qh6 Rg8 21. Rg5 Bf5 22. Bxf5 Qxe5 23. Qxh7+ {1-0 Potel,Z (1480)-Barlov,A (1510) BCF-ch U14 Llandudno 2017 (7)}) 10... Bxe5 11. dxe5 Bg4 12. exf6+ Bxe2 13. fxg7 Rg8 14. Nxe2 Rxg7 15. O-O-O f6 16. Bh4 O-O-O 17. Nd4 Qxf4+ 18. Rd2 Qxd4 19. Bf2 Qf4 20. g3 Qc7 21. Re1 b5 22. Bf5 Kb7 23. Re3 Nb6 24. b3 Re7 25. Rc3 Qe5 26. Bd4 Qxf5 27. Rf2 Qg5+ 28. Kb2 Nd7 29. b4 Re1 30. Rf4 Rde8 31. Rcf3 Ne5 32. h4 Nc4+ 33. Kc3 Qh6 34. Bxf6 R1e3+ 0-1

[Event "Olympiad Women 2024"]
[Site "Budapest HUN"]
[Date "2024.09.16"]
[Round "6.63"]
[Board "3"]
[White "Reifer-Belle, Chanon"]
[Black "Al Nadabi, Yomna"]
[Result "1-0"]
[WhiteElo "1736"]
[BlackElo "1612"]
[PlyCount "72"]
[EventDate "2024.09.11"]
[WhiteTeam "Barbados"]
[BlackTeam "Oman"]
[WhiteTeamCountry "BAR"]
[BlackTeamCountry "OMN"]

1. e4 {ChessBase II} c6 2. Nc3 d5 3. Nf3 Bg4 4. h3 Bxf3 5. Qxf3 e6 6. d3 Nf6 7. Bd2 Nbd7 8. g4 Qb6 ({RR} 8... d4 9. Ne2 Qb6 10. Rb1 h6 11. Qg3 g5 12. Bg2 h5 13. O-O hxg4 14. hxg4 Qc5 15. Rfc1 Bd6 16. b4 Bxg3 17. bxc5 Bh2+ 18. Kf1 Nxg4 19. Nxd4 O-O-O 20. f3 Be5 21. Ne2 Nh2+ 22. Kf2 g4 23. f4 {½-½ Short,N (2698)-Motylev,A (2658) Poikovsky Karpov 13th 2012 (4)}) ({RR} 8... g6) 9. O-O-O d4 10. Ne2 Qa6 $146 ({RR} 10... Bd6 11. g5 Ne5 12. Qg2 Nfd7 13. f4 Ng6 14. e5 Bb4 15. Bxb4 Qxb4 16. a3 Qb6 17. Qe4 c5 18. Ng3 Ne7 19. Bg2 Nd5 20. Qf3 Ne3 21. Ne4 O-O 22. Rde1 Rac8 23. Nd6 Rc7 24. h4 c4 25. dxc4 {0-1 Alho,S (2146)-Varpanen,J (1803) Tampere We TammerSh 11th 2012 (2)}) ({RR} 10... c5 11. g5 Ne5 12. Qg3 Nfd7 13. f4 Nc6 14. f5 e5 15. g6 hxg6 16. fxg6 f6 17. h4 Qa6 18. Kb1 O-O-O 19. h5 c4 20. dxc4 Nc5 21. Nc1 Kb8 22. Bd3 Qa4 23. h6 Nb4 24. h7 Rd6 25. Bxb4 {1-0 Kapusta,P (2137)-Sucikova,S (2171) Skalica Masters op 2020 (5)}) ({RR} 10... O-O-O 11. g5 Ne5 12. Qg3 Bd6 ({RR} 12... Nfd7) 13. f4 Nh5 14. Qh4 Nf3 15. Qxh5 Nxd2 16. Rxd2 Qa5 17. a3 Bb4 18. c3 ({RR} 18. Rd1) 18... dxc3 19. Nxc3 Bxc3 20. bxc3 Qxc3+ 21. Kd1 g6 22. Qf3 Qxa3 23. Bg2 Rd4 ({RR} 23... h6 24. h4 hxg5 25. hxg5 Rxh1+ 26. Bxh1 a5) 24. Ke2 Rb4 25. Rhd1 {1-0 Mazzoni,G-Maury,C FRA-ch40 Dunkerque 1965 (1)}) 11. Kb1 Qb6 12. g5 Ba3 13. Bc1 Ne5 14. Qg3 Nfd7 15. f4 Ng6 16. Bg2 O-O-O 17. Ka1 Bd6 18. Qf2 Bc5 19. h4 f5 20. gxf6 Nxf6 21. Bh3 Rhe8 22. f5 Nf8 23. fxe6 Re7 24. Bg5 Nxe6 25. e5 Nd5 26. Bxe7 Nxe7 27. Bxe6+ Kb8 28. Qg3 g6 29. Rdf1 Nd5 30. Bxd5 cxd5 31. Rf7 Rc8 32. Nf4 Ka8 33. Nxd5 Qc6 34. Qf3 Bb6 35. Nxb6+ Qxb6 36. Rf8 Kb8 1-0

[Event "Olympiad Women 2024"]
[Site "Budapest HUN"]
[Date "2024.09.16"]
[Round "6.63"]
[Board "4"]
[White "Al Ghafri, Alanoud"]
[Black "Eversley, Kiarra"]
[Result "0-1"]
[WhiteElo "1546"]
[BlackElo "1615"]
[PlyCount "56"]
[EventDate "2024.09.11"]
[WhiteTeam "Oman"]
[BlackTeam "Barbados"]
[WhiteTeamCountry "OMN"]
[BlackTeamCountry "BAR"]

1. e4 c5 2. Nc3 d6 3. f4 Nc6 4. Nf3 e6 5. a3 a6 ({RR} 5... Nf6 6. d3 Be7 7. Be2 O-O 8. O-O Rb8 9. Qe1 b5 10. Bd1 a5 11. Kh1 b4 12. axb4 axb4 13. Ne2 Bb7 14. b3 Ra8 15. Rb1 Ra2 16. f5 exf5 17. exf5 Qd7 18. Nh4 Re8 19. Qg3 d5 20. Bh6 {0-1 Day,L (2375)-Damljanovic,B (2525) Saint John op-1 1988}) ({RR} 5... Nf6 6. Bc4 d5 7. exd5 exd5 8. Ba2 Bd6 9. d3 Be6 10. O-O O-O 11. Qe1 Re8 12. Qh4 d4 13. Bxe6 Rxe6 14. Nd1 Nd5 15. f5 Qxh4 16. Nxh4 Re2 17. Rf2 Rae8 18. Bd2 Rxf2 19. Kxf2 Bxh2 20. g3 {0-1 Steil Antoni,F (2189)-D'Arruda,R (2271) Titled Tuesday intern op 26th Apr Early blitz 2022 (11)}) 6. Bc4 b5 $146 ({RR} 6... Nf6 7. O-O Be7 8. d3 Qc7 9. e5 dxe5 10. fxe5 Nxe5 11. Nxe5 Qxe5 12. Qf3 Qc7 13. Ne4 Bd7 14. Bf4 Qc6 15. Be5 b5 16. Ba2 c4 17. Bxf6 gxf6 18. Nxf6+ Bxf6 19. Qxf6 Rf8 20. dxc4 bxc4 21. Rad1 {1-0 Corredor Gonzalez,A (1745)-Martinez Carrasco,J (1568) Madrid-ch Seniors 65 1718 2018 (6)}) ({RR} 6... Nf6 7. d3 Be7 8. O-O O-O 9. Ba2 Qc7 10. Bd2 b5 11. Ne2 Bd7 12. Qe1 d5 13. e5 Ne8 14. Qg3 b4 15. axb4 Nxb4 16. Bb1 Bb5 17. Nc1 Bd7 18. Ne2 Bb5 19. Nc1 c4 20. Bxb4 Bxb4 21. c3 {½-½ Faber,L (1749)-Coder,T (1986) Schneeberg op 2009 (4)}) 7. Ba2 b4 8. axb4 cxb4 9. Ne2 Nf6 10. d3 Qb6 11. Bd2 Ng4 12. d4 Be7 13. c3 Rb8 14. cxb4 Nxb4 15. Bc3 Ne3 16. Qa4+ Bd7 17. Qxb4 Nc2+ 18. Kd2 Nxb4 19. Bc4 a5 20. Ng3 Bb5 21. Bb3 O-O 22. f5 d5 23. fxe6 fxe6 24. h4 Bd6 25. e5 Be7 26. h5 h6 27. Rhf1 Bxf1 28. Nxf1 Qb5 0-1

[Event "Olympiad Women 2024"]
[Site "Budapest HUN"]
[Date "2024.09.16"]
[Round "6.65"]
[Board "1"]
[White "Mahi R. Shah"]
[Black "Kaslan, Catherine"]
[Result "1/2-1/2"]
[WhiteElo "1602"]
[BlackElo "1902"]
[PlyCount "63"]
[EventDate "2024.09.11"]
[WhiteTeam "Tanzania"]
[BlackTeam "Suriname"]
[WhiteTeamCountry "TAN"]
[BlackTeamCountry "SUR"]

1. d4 Nf6 2. c4 e6 3. Nf3 b6 4. g3 Bb7 5. Bg2 Be7 6. O-O O-O 7. Nc3 Ne4 8. Qd3 Nxc3 9. Qxc3 d6 10. Re1 a5 11. Qd3 ({RR} 11. e4 d5 12. Nd2 Bb4 13. Qe3 dxe4 14. Bxe4 Bxe4 15. Qxe4 Nd7 16. a3 Nf6 17. Qe3 Bxd2 18. Bxd2 a4 19. Bc3 b5 20. d5 exd5 21. cxb5 Ne4 22. Rad1 Rb8 23. Bb4 Re8 24. Qd3 Qf6 25. Re2 Red8 {0-1 Tin,J (2487)-Eljanov,P (2672) Titled Tuesday intern op 26th Jan blitz 2021 (8)}) ({RR} 11. e4 Nd7 12. b3 d5 13. e5 Bb4 14. Qe3 Bxe1 15. Qxe1 dxc4 16. bxc4 Re8 17. Bg5 Qc8 18. Qd2 Nf8 19. d5 exd5 20. cxd5 Ng6 21. d6 cxd6 22. exd6 Qd7 23. h4 h6 24. Bxh6 gxh6 25. Qxh6 Bxf3 {0-1 Reinecke,K (1949)-Weihrauch,J (2272) Titled Tue 11th Jun Late 2024 (2)}) 11... f5 $146 ({RR} 11... Nd7 12. Ng5 Bxg5 13. Bxb7 Rb8 14. Bc6 Bf6 15. Bd2 e5 16. e3 Qe7 17. Bc3 Rbd8 18. a3 Nb8 19. Be4 g6 20. b4 axb4 21. axb4 c5 22. Bd5 h5 23. Qxg6+ Bg7 24. Qxh5 Qc7 25. dxc5 bxc5 26. b5 {1-0 Mikeler,M (1863)-Von Koslowski,U (1955) GER-chT U20 Duesseldorf 2017 (3.2)}) 12. Nd2 Bxg2 13. Kxg2 Nd7 14. b3 Qe8 15. Nf3 Qg6 16. Ng1 Nf6 17. Nh3 e5 18. dxe5 dxe5 19. Bg5 Rad8 20. Qc2 h6 21. Bxf6 Rxf6 22. Red1 Bd6 23. e3 Rdf8 24. f4 e4 25. Qc3 Qg4 26. Ng1 h5 27. Qe1 h4 28. Qe2 Qg6 29. Nh3 Kf7 30. Ng5+ Ke7 31. Qc2 Rh8 32. Rh1 1/2-1/2

[Event "Olympiad Women 2024"]
[Site "Budapest HUN"]
[Date "2024.09.16"]
[Round "6.65"]
[Board "2"]
[White "Kaslan, Victoria"]
[Black "Anahi Rishit Shah"]
[Result "1-0"]
[WhiteElo "1726"]
[BlackElo "1513"]
[PlyCount "81"]
[EventDate "2024.09.11"]
[WhiteTeam "Suriname"]
[BlackTeam "Tanzania"]
[WhiteTeamCountry "SUR"]
[BlackTeamCountry "TAN"]

1. e4 e5 2. Nf3 Nc6 3. d4 exd4 4. Nxd4 Nf6 5. Nxc6 bxc6 6. Bd3 Bc5 7. O-O O-O 8. e5 ({RR} 8. Bg5 h6 9. Bh4 Re8 10. Nc3 Rb8 11. Rb1 a5 12. Qf3 Bd4 13. Na4 d6 14. h3 c5 15. c3 Be5 16. Qe2 g5 17. Bg3 Bxg3 18. fxg3 Qe7 19. Qf3 Nd7 20. Qh5 Kg7 21. c4 Ne5 22. Bc2 Be6 {0-1 Zaksaite,S (2212)-Agrest,I (2279) Swiss Queens Wed #5 2024 (3.48)}) 8... Nd5 9. Be4 $146 ({RR} 9. Kh1 d6 10. exd6 cxd6 11. Bd2 Qb6 12. b3 Bxf2 13. Qf3 Be3 14. Bxe3 Nxe3 15. Re1 Re8 16. Nd2 Bg4 17. Qg3 d5 18. h3 Bf5 19. Bxf5 Nxf5 20. Qf3 Rxe1+ 21. Rxe1 Nd4 22. Qe3 Rf8 23. Qd3 Ne6 {½-½ Pham,B-Tran,Q Phu Dong festival U09 6th 2004 (6)}) ({RR} 9. Qh5 g6 10. Qh6 Be7 11. f4 d6 12. Bd2 dxe5 13. fxe5 Be6 14. a3 Re8 15. Kh1 Rb8 16. b4 Bd7 17. Rxf7 Kxf7 18. Qxh7+ Ke6 19. Qxg6+ Kxe5 20. Nc3 Bf6 21. Re1+ Kd6 22. Ne4+ Rxe4 23. Qxe4 Qe8 {1-0 Sheikh,A (1862)-Wilson,F (1613) Gilbert Cup 2024 (4.2)}) ({RR} 9. Qh5 g6 10. Qh6 Re8 11. Bg5 Be7 12. Bxe7 Qxe7 13. f4 Ne3 14. Rf3 Ng4 15. Qh3 Qc5+ 16. Kf1 d6 17. Qg3 dxe5 18. fxe5 Rxe5 19. Nc3 Ne3+ 20. Rxe3 Qxe3 21. Qxe3 Rxe3 22. Be4 Rb8 23. Kf2 Rxe4 {0-1 Meaudre,F (1985)-Mehiaoui,D (1720) FRA-ch U18 Girls 2006 (1)}) 9... Bb7 10. Qh5 g6 11. Qh6 Re8 12. Bxd5 cxd5 13. Bg5 Be7 14. Bxe7 Rxe7 15. f4 Qf8 16. Qh4 Qe8 17. Nc3 Bc6 18. Rad1 Re6 19. Nxd5 Bxd5 20. Rxd5 c6 21. Rd2 a6 22. Rfd1 Rd8 23. Rd3 Qf8 24. Rxd7 Rxd7 25. Rxd7 Re8 26. Rd6 c5 27. Qf2 Rb8 28. b3 Rc8 29. Qd2 Rb8 30. Rxa6 c4 31. Rd6 Qc8 32. b4 Kg7 33. a4 Qc7 34. a5 c3 35. Qd4 Ra8 36. Rd7 Qc6 37. e6+ Kh6 38. Rxf7 Qxe6 39. Qg7+ Kh5 40. Qxh7+ Kg4 41. Qh3# 1-0

[Event "Olympiad Women 2024"]
[Site "Budapest HUN"]
[Date "2024.09.16"]
[Round "6.65"]
[Board "3"]
[White "Bertha Samson Mkude"]
[Black "Kaslan, Alexandra"]
[Result "0-1"]
[WhiteElo "1459"]
[BlackElo "1675"]
[PlyCount "72"]
[EventDate "2024.09.11"]
[WhiteTeam "Tanzania"]
[BlackTeam "Suriname"]
[WhiteTeamCountry "TAN"]
[BlackTeamCountry "SUR"]

1. e4 e6 2. d4 d5 3. exd5 exd5 4. Nf3 Bd6 5. Bd3 Nf6 6. O-O O-O 7. Bg5 Be6 8. c3 Nbd7 9. Qc2 h6 10. Bh4 c6 11. Nbd2 Qc7 12. h3 $146 ({RR} 12. Bg3 Rfe8 13. Rfe1 Nf8 14. Re2 Bxg3 15. hxg3 Re7 16. Rae1 Rae8 17. b3 Bc8 18. c4 dxc4 19. Nxc4 Rxe2 20. Rxe2 Rxe2 21. Qxe2 Ne6 22. Qe5 Nd5 23. Ne3 Qxe5 24. Nxe5 Nxd4 25. Nxd5 cxd5 26. Nf3 Nxf3+ {0-1 Ho,L (1960)-Tran,T (1965) VIE-ch U13 Da Lat 2013 (6)}) ({RR} 12. Rfe1) ({RR} 12. Bg3 Bxg3 13. fxg3 Rfe8 14. Rae1 Rac8 15. Nh4 Bg4 16. Nf5 a6 17. Ne7+ Kh8 18. Nxc8 Rxc8 19. Re7 Be6 20. Rxf6 gxf6 21. Bf5 Qd6 22. Rxe6 fxe6 23. Bd3 c5 24. Nf3 cxd4 25. Nxd4 Qb6 26. Kh1 Nf8 {½-½ Mielczarek,J (1390)-Kadziela,A POL-chT U19 2nd League 2010 (11)}) 12... Nh5 13. Rfe1 Nf4 14. Re3 Nxd3 15. Qxd3 Bf4 16. Re2 Qb6 17. Qc2 Rfe8 18. Rae1 Qc7 19. a3 Rac8 20. b4 b6 21. Nb3 Bd6 22. Re3 c5 23. dxc5 bxc5 24. b5 Nb6 25. R3e2 Bd7 26. Nfd2 Rxe2 27. Rxe2 Bxb5 28. Re1 Re8 29. Rxe8+ Bxe8 30. c4 dxc4 31. Nxc4 Nxc4 32. Qxc4 Qb6 33. Nd2 Qa5 34. Qd3 Qc7 35. f3 Qd7 36. Bf2 Bh2+ 0-1

[Event "Olympiad Women 2024"]
[Site "Budapest HUN"]
[Date "2024.09.16"]
[Round "6.67"]
[Board "1"]
[White "Karelina, Polina"]
[Black "Callender, Jessica"]
[Result "1-0"]
[WhiteElo "1898"]
[BlackElo "1579"]
[PlyCount "75"]
[EventDate "2024.09.11"]
[WhiteTeam "Bahamas"]
[BlackTeam "Guyana"]
[WhiteTeamCountry "BAH"]
[BlackTeamCountry "GUY"]

1. e4 c5 2. Nc3 e6 3. g3 d5 4. Bg2 dxe4 5. Nxe4 Be7 6. Nf3 Nf6 7. Nc3 ({RR} 7. Nxf6+ Bxf6 8. O-O O-O 9. d3 Nc6 10. c3 Qc7 11. Bg5 Bxg5 12. Nxg5 h6 13. Ne4 b6 14. Qh5 Bb7 15. h4 Rad8 16. Rad1 f5 17. Ng5 hxg5 18. hxg5 Ne7 19. g6 Rf6 20. Qh7+ Kf8 21. Qh8+ Ng8 {0-1 Karelina,P (1631)-Omar,N (2356) Olympiad-43 Batumi 2018 (2.1)}) 7... Nc6 8. O-O O-O 9. d3 b6 $146 ({RR} 9... a6 10. Re1 Qc7 11. h3 Rd8 12. Be3 b5 13. Bf4 Bd6 14. Ne5 Bb7 15. Qf3 Na5 16. Qe2 Bxg2 17. Kxg2 b4 18. Nb1 Nd5 19. Bc1 Bxe5 20. Qxe5 Qxe5 21. Rxe5 Nc6 22. Re2 Nd4 23. Rd2 a5 24. c3 {0-1 Alfonso Pellisa,A (1976)-Vicens Company,M (1876) ESP-ch 85th Linares 2020 (8)}) ({RR} 9... Nd5 10. Nxd5 Qxd5 11. Be3 Qd7 12. c3 Rd8 13. Qb3 Qxd3 14. Rfd1 Qa6 15. Rxd8+ Nxd8 16. Rd1 Nc6 17. Ng5 Qb6 18. Qc2 Bxg5 19. Bxg5 f6 20. Be4 fxg5 21. Bxh7+ Kf8 22. Qe4 Qc7 23. Rd3 Bd7 24. Rf3+ {0-1 Sellitti,F (2176)-Godzwon,I (2375) Titled Tuesday intern op 16th Feb blitz 2021 (8)}) 10. Ne5 Nd5 11. Nxc6 Qd6 12. Nxe7+ Qxe7 13. Nxd5 exd5 14. Bxd5 Bb7 15. Qf3 Bxd5 16. Qxd5 Rad8 17. Qf3 Rd6 18. Bf4 Re6 19. Rad1 Qf6 20. c3 Rfe8 21. Rd2 g5 22. Qg4 h6 23. Be3 Kh7 24. h4 gxh4 25. Qxh4 Qf3 26. Qf4 Qh5 27. Kg2 Qd5+ 28. Qf3 Qd6 29. Bf4 Qe7 30. d4 Rg8 31. d5 Rf6 32. d6 Qd7 33. Re1 Re6 34. Rxe6 fxe6 35. Re2 Rf8 36. Qe4+ Kg8 37. Qxe6+ Qxe6 38. Rxe6 1-0

[Event "Olympiad Women 2024"]
[Site "Budapest HUN"]
[Date "2024.09.16"]
[Round "6.67"]
[Board "2"]
[White "Joshi, Aditi Narayan"]
[Black "Thomas, Nelissa"]
[Result "1/2-1/2"]
[WhiteElo "1546"]
[BlackElo "1631"]
[PlyCount "75"]
[EventDate "2024.09.11"]
[WhiteTeam "Guyana"]
[BlackTeam "Bahamas"]
[WhiteTeamCountry "GUY"]
[BlackTeamCountry "BAH"]

1. d4 {Finkel,Alexander} d5 2. c4 c6 3. e3 e6 4. Nf3 f5 5. Ne5 Nf6 6. Be2 ({RR} 6. f4 Be7 ({RR} 6... Bd6 7. Bd3 O-O 8. O-O Qe7 ({RR} 8... b6 9. b3 Bb7 10. cxd5 Nxd5 11. e4 Bxe5 12. dxe5 Nb4 13. Bc4 Qxd1 14. Rxd1 Nc2 15. exf5 Nxa1 16. fxe6) 9. Nc3 Ne4 10. Bd2 Nd7 11. cxd5 exd5) 7. Be2 O-O 8. O-O ({RR} 8. Nc3 Nbd7 9. O-O Nxe5 10. fxe5 Ne8 11. Rb1 g5 12. b4 a6 13. a4 Ng7 14. c5 Bd7) 8... b6 ({RR} 8... Nbd7 9. Nf3 Ne4 10. Nc3 Ndf6 11. Qc2 Bd7 12. Rb1 Rc8 13. Ne5 Be8 14. c5 g5 15. fxg5 Nxg5 16. Bd2 Bh5 17. Be1 Bxe2 18. Qxe2 Nfe4) 9. Nd2 Bb7 10. Ndf3 Ne4 11. Qc2 Nd7 ({RR} 11... c5) 12. Nxd7 Qxd7 13. b3 Bf6 14. Bb2 g5 15. fxg5 ({RR} 15. Ne5 Qg7 16. Bf3 Bxe5 17. fxe5 Rac8) 15... Nxg5 16. Nxg5 Bxg5 17. Rf3 Rf7 18. Raf1 Rg7 19. Bd3 Kh8 ({RR} 19... Rg6) 20. e4 dxe4 {0-1 Soffer,R (2492)-Malakhov,V (2668) EU-Cup 18th Kallithea 2002 (4.4)}) ({RR} 6. cxd5 cxd5 7. Bb5+ Nbd7 8. g4 fxg4 9. Nxg4 Bd6 10. f4 O-O 11. Nf2 Nb6 12. Nd2 Bd7 13. Bd3 Be8) ({RR} 6. g4 Nbd7 7. gxf5 exf5 8. Nxd7 Bxd7 9. Nc3 Be6 10. Qb3 Qb6 11. cxd5 Qxb3 12. axb3 Bxd5 13. Nxd5 cxd5) 6... g6 ({RR} 6... Be7 7. Nd2 Nbd7 8. f4 O-O 9. O-O Nxe5 10. fxe5 Ne4 11. Nxe4 fxe4 12. Rxf8+ Bxf8 13. Bd2 a5 14. Qc2 Bd7 {½-½ Starostits,I (2449)-Suarez Gomez,J (2446) Compostela Masters 1st 2018 (6)}) 7. h4 Rg8 $146 ({RR} 7... Bb4+ 8. Bd2 Bxd2+ 9. Nxd2 Qe7 10. c5 Nbd7 11. Ndf3 Nxe5 12. Nxe5 Nd7 13. f4 Nxe5 14. fxe5 Bd7 15. Qb3 Rb8 16. Qa4 a6 17. Qb3 O-O 18. g3 Qd8 19. Kf2 h6 20. Rh2 Rf7 21. Rah1 Qf8 22. Qd1 {½-½ Buss,R (1375)-Wiese,A (1530) Wuerttemberg-ch Seniors 18th 2006 (2)}) 8. a3 Nbd7 9. Nxd7 Bxd7 10. b4 b5 11. c5 h5 12. Nd2 Bg7 13. Nf3 Ng4 14. Bb2 Bf6 15. a4 a6 16. g3 Rh8 17. Ne5 Bxe5 18. dxe5 Kf7 19. Qd4 Rf8 20. Qf4 Kg7 21. Bc1 Rh8 22. f3 Nh6 23. g4 hxg4 24. fxg4 Nxg4 25. Qg3 Nh6 26. Rg1 Be8 27. Bh5 f4 28. Qxf4 Nf5 29. Bg4 Qxh4+ 30. Kd1 Rf8 31. Bxf5 Qxf4 32. exf4 Rxf5 33. a5 Bf7 34. Ke2 Rh8 35. Rg2 Rh1 36. Kf3 Kh6 37. Bb2 Rh3+ 38. Rg3 1/2-1/2

[Event "Olympiad Women 2024"]
[Site "Budapest HUN"]
[Date "2024.09.16"]
[Round "6.67"]
[Board "3"]
[White "Johnson, Daijah"]
[Black "Clement, Ciel Desiree"]
[Result "1-0"]
[WhiteElo "1625"]
[BlackElo "1460"]
[PlyCount "83"]
[EventDate "2024.09.11"]
[WhiteTeam "Bahamas"]
[BlackTeam "Guyana"]
[WhiteTeamCountry "BAH"]
[BlackTeamCountry "GUY"]

1. d4 Nf6 2. c4 e6 3. Nc3 d5 4. Bg5 Be7 5. Nf3 h6 6. Bxf6 Bxf6 7. e3 Nd7 ({RR} 7... c5 8. cxd5 exd5 9. Bb5+ Bd7 10. Be2 Bc6 11. O-O Nd7 12. Rc1 O-O 13. dxc5 Nxc5 14. Nd4 Ne6 15. Nxc6 bxc6 16. Na4 Qd6 17. Qc2 Rac8 18. Bg4 Rc7 19. Rfd1 Rd8 20. a3 Qe7 21. b4 Be5 22. h3 {1-0 Riazantsev,A (2671)-Bindrich,F (2590) Wch Rapid Doha 2016 (5)}) 8. cxd5 exd5 9. Nxd5 Nb6 $146 ({RR} 9... c6 10. Nxf6+ Nxf6 11. Qc2 O-O 12. Bd3 Qa5+ 13. Qd2 Qc7 14. O-O Bg4 15. Ne5 Rae8 16. Rac1 Be6 17. b4 Nd7 18. Nxd7 Qxd7 19. a4 a6 20. b5 cxb5 21. axb5 axb5 22. Qb4 Bd5 23. Bxb5 Bc6 24. Bxc6 {1-0 Thurmer,J (2072)-Biro,T (1966) HUN-chT2 Asztalos 0708 2007 (2)}) ({RR} 9... b6 10. Bb5 Bb7 11. Nxf6+ Qxf6 12. Ne5 c6 13. Nxd7 Kxd7 14. Be2 Ke7 15. Bf3 Rhd8 16. Rc1 Rac8 17. Qa4 a5 18. O-O Kf8 19. Rfd1 Kg8 20. Bg4 Rc7 21. d5 Rd6 22. dxc6 Bxc6 23. Qc2 Rxd1+ 24. Bxd1 {1-0 Cubides Ferreira,A (1500)-Perez Lozano,E (1257) COL-ch U16 Villavicencio 2022 (1)}) ({RR} 9... O-O 10. Bd3 c5 11. Be2 b6 12. O-O Bb7 13. Nf4 Bxf3 14. Bxf3 Rc8 15. Rc1 Re8 16. b3 b5 17. Qd3 cxd4 18. exd4 Bg5 19. Rxc8 Qxc8 20. Nd5 Qa6 21. Nc7 Qc8 22. Nxe8 Qxe8 23. Qxb5 Qe7 24. Rd1 {1-0 Jornet Jaunoi,N (1805)-Cortada,E (1700) Catalunya-ch (Women) 1999}) 10. Nxb6 axb6 11. Be2 O-O 12. O-O c5 13. h3 Qd6 14. Qc2 cxd4 15. exd4 Be6 16. a3 Rac8 17. Qd2 Rc7 18. Rac1 Rd7 19. Rfd1 Bb3 20. Re1 Qd5 21. Qb4 Rd6 22. Bc4 Bxc4 23. Rxc4 Rfd8 24. Rec1 Be7 25. Rc8 Rxc8 26. Rxc8+ Kh7 27. Qc4 Qxc4 28. Rxc4 Rc6 29. Rxc6 bxc6 30. Ne5 c5 31. dxc5 Bxc5 32. Nxf7 Kg6 33. Ne5+ Kf5 34. Nd3 Bd4 35. b3 Ke4 36. Ne1 Bb2 37. a4 Kd4 38. b4 Kc3 39. a5 Kxb4 40. a6 Bc3 41. a7 Bxe1 42. a8=Q 1-0